Mobb Deep Discography - Statistics

General Stats
  • This quiz has been taken 32 times
  • The average score is 5 of 18
Answer Stats
Year Name Type % Correct
1995 The Infamous Album
97%
1996 Hell on Earth Album
76%
1999 Murda Muzik Album
62%
2001 Infamy Album
59%
2006 Blood Money Album
48%
1993 Juvenile Hell Album
48%
2014 The Infamous Mobb Deep Album
24%
2004 Americaz Nightmare Album
21%
2011 Black Cocaine EP
21%
2003 Free Agents: The Murda Mixtape Mixtape
17%
2006 Life of the Infamous: The Best of Mobb Deep Compilation
17%
2009 The Safe Is Cracked Compilation
17%
2007 The Infamous Archives Compilation
10%
2004 The Mix Tape Before 9/11 Mixtape
7%
2004 The New Mobb Deep Mixtape (Collab)
7%
1998 Back from a Hiatus Mixtape
3%
2006 G-Unit Radio, Pt. 17: Best in the Bizness Mixtape
3%
2008 The Infamous Instrumentals Compilation
3%
No matching quizzes found
Score Distribution
Percent of People with Each Score
Percentile by Number Answered
Your Score History
You have not taken this quiz